000 00628nam a22001817a 4500
003 UA-OsUOA
001 17190
007 ta
008 20040217b un ||||| |||| 00| 0 ukr d
100 _aБондар В.
942 _cSA
040 _aUA-OsUOA
_cUA-OsUOA
_dUA-OsUOA
245 _aАдресна допомога: державу не обдуриш: [Реформування системи соц. допомоги у Радивилів. р-ні]
300 _aС.1
955 _a0
773 0 _w0
_tПрапор перемоги
_dРадивилів
_d2004
_g№10/3 лют./
650 7 _aКраєзнавча робота
_2UDC
999 _c303358
_d303358